UFAD O&M guide : (Record no. 601246)
[ view plain ]
| 000 -LEADER | |
|---|---|
| fixed length control field | 00217nam a2200097Ia 4500 |
| 008 - FIXED-LENGTH DATA ELEMENTS--GENERAL INFORMATION | |
| fixed length control field | 230907s9999||||xx |||||||||||||| ||und|| |
| 082 ## - DEWEY DECIMAL CLASSIFICATION NUMBER | |
| Classification number | 697.92 |
| Author Mark | ASH |
| 245 #0 - TITLE STATEMENT | |
| Title | UFAD O&M guide : |
| 300 ## - PHYSICAL DESCRIPTION | |
| Extent | 33 pages : |
| 942 ## - ADDED ENTRY ELEMENTS (KOHA) | |
| Koha item type | Book |
| Withdrawn status | Lost status | Damaged status | Not for loan | Permanent Location | Current Location | Date acquired | Total Checkouts | Full call number | Barcode | Date last seen | Price effective from | Koha item type |
|---|---|---|---|---|---|---|---|---|---|---|---|---|
| US-Pakistan Center for Advanced Studies in Energy (USPCAS-E) | US-Pakistan Center for Advanced Studies in Energy (USPCAS-E) | 10/04/2019 | 697.92 ASH | CAS-E0005345 | 09/12/2023 | 09/12/2023 | Book |
